| 000 | 00602nam a2200253 a 4500 | ||
|---|---|---|---|
| 001 | nice12345678 | ||
| 003 | IN_TiNIC | ||
| 005 | 20260116013544.0 | ||
| 008 | 050524s1996 dela grp 000 0 eng | ||
| 020 |
_a _c40 |
||
| 082 | 0 | 0 |
_a923.2 _bGOD |
| 100 | _aGodse, Nathuram | ||
| 245 | _aMay It Please Your Honour | ||
| 260 |
_aDelhi _bSurya Bharti Prakashan _c1996 |
||
| 300 | _a164p | ||
| 500 | _aincludes index and biblioraphy | ||
| 505 | 2 | _aIndex | |
| 650 | _aHindutva | ||
| 650 | _aGandhi M K-Murder | ||
| 700 | 1 | _aGodse, Nathuram | |
| 902 | _bSRS | ||
| 942 | _cBK | ||
| 999 |
_c11451 _d11451 |
||